Géographie de Paris par lettre -Y - Statistiques

Statistiques générales
  • Ce quiz a été pris 22 fois
  • Le résultat moyen est 4 sur 10
Statistiques - réponses
Question Réponse % Correct
Couturier légendaire dont le musée se situe avenue Marceau (16e) Yves Saint-Laurent
95%
Département limitrophe de Paris (le 78) Yvelines
86%
Rue du 12e arrondissement portant le nom d'un affluent de la Seine Yonne
52%
Chanteur et acteur iconique, enterré au Père-Lachaise ( Sous le ciel de Paris ) Yves Montand
52%
Rue du 16e nommée d'après une ville japonaise Yokohama
38%
Petit square du 17e situé près de la porte Maillot Yser
14%
Le club ultra-branché situé dans le Palais de Tokyo (16e) Yoyo
10%
La plus ancienne salle de basket au monde, située rue de Trévise (9e) YMCA
5%
Rue et collège historique de la butte Montmartre Yvonne Le Tac
5%
Le musée et la fondation d'art contemporain du Marais (Rue Vieille-du-Temple) Yvon Lambert
0%
Aucun quiz correspondant
Distribution des résultats
% des personnes avec chaque résultat
Percentile par nombre de réponses
Votre historique - résultats
Vous n’avez pas pris ce quiz